[Event "KGZ-ch U18"]
[Site "Bishkek"]
[Date "2019.01.10"]
[Round "7"]
[White "Bektursunov, Nursultan"]
[Black "Abylkasymov, Kairatbek"]
[Result "1/2-1/2"]
[WhiteElo "1506"]
[BlackElo "1951"]
[PlyCount "78"]
[EventDate "2019.01.04"]
[EventType "swiss"]
[EventRounds "9"]
[EventCountry "KGZ"]
[SourceTitle "CBM 189 Extra"]
[Source "ChessBase"]
[SourceDate "2019.06.03"]
[SourceVersion "1"]
[SourceVersionDate "2019.06.03"]
[SourceQuality "1"]

1. e4 e5 2. Nf3 Nc6 3. d4 exd4 4. Bc4 Nf6 5. 0-0 Nxe4 6. Re1 d5 7. Bxd5 Qxd5 8. Nc3 Qh5 9. Nxe4 Be7 10. Bg5 Be6 11. Nxd4 Qxd1 12. Raxd1 Nxd4 13. Rxd4 Rd8 14. Rxd8+ Bxd8 15. Bxd8 Kxd8 16. Nc5 Ke7 17. f4 g6 18. b3 b6 19. Nd3 Rd8 20. Re2 a5 21. g4 Kf8 22. h3 a4 23. Kf2 c5 24. Nb2 b5 25. bxa4 b4 26. Nd3 Bc4 27. Re3 Rd4 28. Kf3 Bxa2 29. Nxc5 Bd5+ 30. Kg3 Rd2 31. Nd3 Rg2+ 32. Kh4 b3 33. cxb3 Bxb3 34. Ne1 Rb2 35. a5 Bc4 36. Ra3 Rb7 37. Nf3 f6 38. Nd4 Ra7 39. Nc6 Ra8 1/2-1/2

[Event "KGZ-ch U18"]
[Site "Bishkek"]
[Date "2019.01.04"]
[Round "1"]
[White "Bektursunov, Nursultan"]
[Black "Sezdbekov, Ruslan"]
[Result "0-1"]
[WhiteElo "1506"]
[BlackElo "2146"]
[PlyCount "48"]
[EventDate "2019.01.04"]
[EventType "swiss"]
[EventRounds "9"]
[EventCountry "KGZ"]
[SourceTitle "CBM 189 Extra"]
[Source "ChessBase"]
[SourceDate "2019.06.03"]
[SourceVersion "1"]
[SourceVersionDate "2019.06.03"]
[SourceQuality "1"]

1. e4 e5 2. Nf3 Nc6 3. d4 exd4 4. Nxd4 Bc5 5. Be3 Qf6 6. c3 Nge7 7. Nc2 Bb6 8. Bc4 0-0 9. Bxb6 axb6 10. Ne3 Qg6 11. Qc2 d6 12. Na3 Ne5 13. f3 Nxc4 14. Naxc4 f5 15. 0-0 f4 16. Nd1 d5 17. Na3 dxe4 18. Qxe4 Qg5 19. Qc4+ Kh8 20. Qxc7 Bh3 21. Rf2 Rae8 22. Kh1 Nd5 23. Qxb7 Re1+ 24. Rf1 Rxf1# 0-1

[Event "Karakol Derbishev Memorial U17"]
[Site "Karakol"]
[Date "2017.08.??"]
[Round "5.3"]
[White "Bektursunov, Nursultan"]
[Black "Zhenishbekov, Alisher"]
[Result "1-0"]
[WhiteElo "1464"]
[BlackElo "1261"]
[PlyCount "65"]
[EventDate "2017.08.17"]
[EventType "swiss"]
[EventRounds "9"]
[EventCountry "KGZ"]
[SourceTitle "EXT 2022"]
[Source "ChessBase"]
[SourceDate "2021.10.06"]
[SourceVersion "1"]
[SourceVersionDate "2021.10.06"]
[SourceQuality "1"]

1. e4 e5 2. Nf3 Nc6 3. d4 exd4 4. Bc4 d6 5. Nxd4 Nxd4 6. Qxd4 Nf6 7. Bg5 Be7 8. Nc3 0-0 9. 0-0 Be6 10. Bd3 h6 11. Bh4 Nd7 12. Bxe7 Qxe7 13. f4 f5 14. exf5 Bxf5 15. Rae1 Qd8 16. Qd5+ Kh8 17. Bxf5 c6 18. Qe6 Nf6 19. Ne4 Nxe4 20. Bxe4 Rf6 21. Qb3 d5 22. Bd3 Qc7 23. g3 Rd8 24. Re5 Rfd6 25. Rfe1 Qb8 26. Re7 R6d7 27. Rxd7 Rxd7 28. Bg6 Rd8 29. Qe3 Kg8 30. Qe8+ Rxe8 31. Rxe8+ Qxe8 32. Bxe8 Kf8 33. Bg6 1-0